000 00424nam a22001817a 4500
003 MPLRDC
005 20220104113719.0
008 210129b ||||| |||| 00| 0 eng d
082 _a857.621 NK-35 v.1
100 _a倪匡
245 _a足球
_c
250 _a第二版
260 _a
_b繁荣出版社
_c1990
300 _b
490 _a倪匡奇幻系列
650 _a科幻小说
942 _cBK
_o857.621 NK-35 v.1
999 _c1771
_d1761